Mathematical methods of physics

Zapisane w:
Opis bibliograficzny
Główni autorzy: Mathews, Jon (autor), Walker, R. L (Autor)
Format: Książka
Język:angielski
Wydane: Reading Addison-Wesley 1970
Wydanie:2a. ed
Hasła przedmiotowe:
Etykiety: Dodaj etykietę
Nie ma etykietki, Dołącz pierwszą etykiete!

MARC

LEADER 00000nam a2200000 a 4500
001 UCL2559
003 CL-VaPUC
008 031024e19700000US |||||||||||||||||eng|d
020 |a 0805370021 
082 0 4 |a 530.15  |b MAT  |2 21 
100 |a Mathews, Jon  |e autor  |9 547205 
700 0 |a Walker, R. L  |e author  |9 547206 
245 1 0 |a Mathematical methods of physics 
250 |a 2a. ed 
300 |a 501 p 
942 |c BK 
945 |d 20031024 00:00:00  |a cmena 
260 |a Reading  |b Addison-Wesley  |c 1970 
650 0 |a Física matemática   |9 260981 
650 0 |a Ecuaciones lineales   |9 342219 
650 0 |a Ecuaciones diferenciales  |9 260083 
650 0 |a Cálculo vectorial   |9 408406 
650 0 |a Ecuaciones integrales   |9 270067 
583 |a last modification  |c 20031024 00:00:00  |k Rodrigo Vera 
999 |c 339743  |d 339741 
952 |0 0  |1 0  |4 0  |6 530_150000000000000_MAT_1970  |7 0  |8 A  |9 433554  |a BIBCUR  |b BIBCUR  |d 2019-11-22  |i 2083671  |l 2  |o 530.15 MAT 1970  |p 2083671  |r 2025-04-22  |s 2024-05-10  |w 2019-11-22  |y BK  |k FIS